| 000 | 005760000a22001930004500 | ||
|---|---|---|---|
| 020 | _a0-06-067748-1 | ||
| 041 | 0 | _aENG | |
| 082 | 0 | 4 | _aG 170.8 S9219f |
| 100 | 1 | _aStrommen, Merton P. | |
| 245 | 1 | 0 | _aFive cries of youth / Merton P. Strommen |
| 260 | _aNew York, N.Y., USA : Harper and Row | ||
| 300 | _a155 Pag. | ||
| 650 | 1 | 4 | _aJUVENTUD - CONDUCTA (ETICA) - ESTUDIO DE CASOS \ JUVENTUD - VIDA RELIGIOSA - ESTUDIO DE CASOS |
| 001 | 1134 | ||
| 942 | _cBK | ||
| 999 |
_c32471 _d32471 |
||
| 336 |
_atexto _btxt _2rdacontent |
||
| 337 |
_2rdamedia _asin mediación _bn |
||
| 338 |
_2rdacarrier _avolumen _bnc |
||